Normal view
MARC view
- Asad ,Malik Muhammad
Entry Personal Name
001 - CONTROL NUMBER
- control field: 121732
003 - CONTROL NUMBER IDENTIFIER
- control field: NUST
005 - DATE AND TIME OF LATEST TRANSACTION
- control field: 20240301110220.0
008 - FIXED-LENGTH DATA ELEMENTS
- fixed length control field: 240301|| aca||aabn | a|a d
040 ## - CATALOGING SOURCE
- Original cataloging agency: NUST
- Transcribing agency: NUST
100 ## - HEADING--PERSONAL NAME
- Personal name: Asad ,Malik Muhammad
670 ## - SOURCE DATA FOUND
- Source citation: Work cat.: (NUST): Asad ,Malik Muhammad, Assessment of Potential Drug-Drug Interactions in Hospitalized Cancer Patients /
